• 首页
  • 本馆介绍
  • 公告通知
  • 最新文献
  • 馆藏检索
  • 电子资源
  • 读者导购
  • 参考咨询
  • 我的图书馆
  • 登录
  • 详细信息显示
  • 放入我的书架
  • 预约/预借图书
  • 作者相关作品
  • 分类相关作品
  • 丛书相关作品
  • 出版社相关作品

书目信息

  • 表格格式
  • 工作单格式
  • 卡片格式
题名:
知识分子工作导论
    
 
作者: 杨伯亚 主编
分册:  
出版信息: 北京   光明日报出版社  1992
页数: 441页
开本: 20cm
丛书名:
单 册:
中图分类: D663.5
科图分类:
主题词: 知识分子--工作--中国
电子资源:
ISBN: 7-80091-395-3
000 00569nam0 2200193 450
001 0752550373
005 20070725083112.40
010    @a7-80091-395-3@dCNY12.50
100    @a20070704d1992 km y0chiy0120 ea
101 0  @achi
102    @aCN@b110000
200 1  @a知识分子工作导论@Azhi shi fen zi gong zuo dao lun@f杨伯亚等主编@Fyang bo ya deng zhu bian
210    @a北京@c光明日报出版社@d1992
215    @a441页@d20cm
606 0  @a知识分子@x工作@y中国
690    @aD663.5@v3
701  0 @a杨伯亚@Ayang bo ya@4主编
801  0 @aCN@bPFT@c20070725
905    @a10447@dD663.5@e100
    
    知识分子工作导论/杨伯亚等主编.-北京:光明日报出版社,1992
    441页;20cm
    
    
    ISBN 7-80091-395-3:CNY12.50
    
●
相关链接 在E读中查询图书 在五车中查询图书 在当当中查询图书 在豆瓣中查询图书


正题名:知识分子工作导论     索取号:D663.5/100         预约/预借

序号 登录号 条形码 馆藏地/架位号 状态 备注
1 0765217   207652173   第一样本阅览室/ [索取号:D663.5/100] 在馆    
唐山师范学院图书馆 欢迎您!
大连网信软件有限公司© 版权所有